Responses for show #7636 - Monday, November 20, 2017

Contestants

Alex Jumper, a graduate student from Cambridge, Massachusetts

Eric Maher, an attorney from Epping, New Hampshire

Kara Chandler, a stay-at-home mom from Berwyn, Illinois (whose 1-day cash winnings total $12,799)

Jeopardy! Round responses

STILL PHOTOGRAPHY
GRIDIRON GREATS
TECH CRUNCH
LITERATURE, SCIENCE & THE ARTS
"HOME" LINES
IN THE CITY
    $200 26
Kentucky

Kara
    $200 1
Tom Brady

Kara
    $200 6
IBM

Kara
    $200 21
The Scream

Alex
    $200 16
(Eric: What is "home sweet home"?)

"there's no place like home"

EricAlex
    $200 11
Chicago

Alex
    $400 27
still life

Alex
    $400 2
sacks

Eric
    $400 7
Magellan

Kara
    $400 22
plasma

Kara
    $400 17
the cows come home

Alex
    $400 12
Berlin

Eric
    $600 28
Walden Pond

Alex
    $600 3
Tiger Lilly

Kara
    $600 8
(Eric: What is TurboTax?)

Intuit

Eric
Triple Stumper
    $600 23
Moby Dick

Kara
    $600 18
the home court advantage

Kara
    $600 13
Washington, D.C.

Kara
    $800 29
osteopathy

Kara
    $800 4
LaDainian Tomlinson

Eric
    $500 9
(Alex Trebek: Mark Zuckerberg. He was under 30.)

Facebook

Kara
    $800 24
(Alex Trebek: Less than a minute now.)

Rubens

Alex
    $800 19
come home to roost

Kara
    $800 14
Rio de Janeiro

Alex
    $1000 30
Denver

Kara
    $1000 5
the Kansas City Chiefs

Eric
    $1000 10
Atari

Alex
    $1000 25
optics

Eric
    $1000 20
"Home Is Where The Heart Is"

Eric
    $1000 15
Philadelphia

Alex

Scores at the first commercial break (after clue 15):

Kara Eric Alex
$2,500 $2,000 $3,000

Scores at the end of the Jeopardy! Round:

Kara Eric Alex
$6,900 $3,800 $5,600

Double Jeopardy! Round responses

ANATOMY? ANATO-YOU!
THE PERSIAN PAST
ACTORS
COLORING BOOKS
PRISONS
IN THE CITY
(Alex Trebek: Let me give you an example. "Everything in Big D." Correct response: "What is all?" A-L-L in Dallas.)
    $400 1
the Achilles tendon

Alex
    $400 6
a shah

Triple Stumper
    $400 7
Denzel Washington

Kara
    $400 17
The Hunt for Red October

Eric
    $400 12
Devil's Island

Kara
    $400 26
(Alex Trebek: You don't need the city, just the word.)

a ton in Boston

Kara
    $800 2
the retina

Eric
    $800 22
(Alex Jumper: What is Sunni?)

Shiite

EricAlex
    $800 8
Vin Diesel

Eric
    $3,000 18
The Scarlet Letter

Eric
    $800 13
(Alex Jumper: What is San Quentin?)

Folsom

KaraAlex
    $800 27
(Alex Trebek: Cairo.)

air

Eric
    $1200 3
the trachea

Eric
    $1200 23
Baha'i

Kara
    $1200 9
(Eric: Who is Str... Strahan?)

(Jason) Statham

KaraEric
    $1200 19
a purple crayon

Eric
    $1200 14
Sing Sing

Alex
    $1200 28
(Alex Trebek: In Moscow.)

a cow

Kara
    $1600 4
the jugular veins

Eric
    $2,000 24
Babylon

Kara
    $1600 10
(Jeffrey) Dean Morgan

Eric
    $1600 20
A Clockwork Orange

Kara
    $1600 15
Reading Gaol

Kara
    $1600 29
(Alex Trebek: In Paris.)
[The end-of-round signal sounds.]

Ari

Alex
    $2000 5
the pancreas

Eric
    $2000 25
(Eric: Who is Darius?)
(Kara: Who is Xerxes?)
(Alex Jumper: Who is Nebuchadnezzar?)
...
(Alex Trebek: Less than a minute now.)

Cyrus the Great

KaraEricAlex
Triple Stumper
    $2000 11
(Danny) Trejo

Eric
    $2000 21
the silver skates

Kara
    $2000 16
(Kara: What is Nuremberg?)

Spandau

Kara
Triple Stumper

Scores at the end of the Double Jeopardy! Round:

Kara Eric Alex
$15,700 $16,800 $5,200

[wagering suggestions for these scores]

Final Jeopardy! Round responses

FAMOUS NAMES
AlexWho is Mother Theresa?
$1,500
KaraWho is Mother Theresa?
$10,000
EricWho is Mother Theresa
$14,700
Mother Teresa

Final scores:

Kara Eric Alex
$25,700 $31,500 $6,700
2nd place: $2,000 New champion: $31,500 3rd place: $1,000

Game dynamics:

Coryat scores:

Kara Eric Alex
$15,600 $14,600 $5,200
24 R
(including 2 DDs),
2 W
18 R
(including 1 DD),
4 W
13 R,
3 W

Combined Coryat: $35,400

The J! Archive is created by fans, for fans. The Jeopardy! game show and all elements thereof, including but not limited to copyright and trademark thereto, are the property of Jeopardy Productions, Inc. and are protected under law. This website is not affiliated with, sponsored by, or operated by Jeopardy Productions, Inc. Join the discussion at JBoard.tv.